000 00743nam a2200241 i 4500
001 40395
003 ES-MaACL
005 20250730172203.0
007 t|
008 030306s1972 sp ||||1| spa d
020 _a84-287-0238-1
100 1 _aCarnicer, Ramón,
_d1912-2007
_935377
245 1 0 _aNuevas reflexiones sobre el lenguaje /
_cRamón Carnicer.
260 _aMadrid :
_bPrensa Española,
_c1972.
300 _a333 p. ;
_c19 cm.
490 1 _aVislumbres ;
_v31
500 _aIndices.
650 1 7 _aLengua española
_2embne
_914115
830 0 _aVislumbres ;
_v31
_9229744
852 _aES-MaACL
_jC-3586
_bR.114432
_q. - Ded. autógr. del autor
852 _aES-MaACL
_jC-53232
_bR.84598
999 _c40395
_d40395